| 000 | 00456nam a2200181 a 4500 | ||
|---|---|---|---|
| 001 | 7234 | ||
| 005 | 20180713191125.0 | ||
| 008 | 140415s1989 mx 000 0 spa d | ||
| 020 | _a9682315131 | ||
| 041 | _aspa | ||
| 082 |
_a332.46 _bHER |
||
| 100 | 1 | _aHERSCHEL, FEDERICO J. | |
| 245 | 1 | 0 | _aPOLITICA ECONOMICA |
| 250 | _a8ed. | ||
| 260 |
_aMEXICO : _bSIGLO VEINTIUNO EDITORES, _c1989 |
||
| 300 | _a146 | ||
| 650 | 1 | 4 | _aPOLITICA ECONOMICA |
| 999 |
_c7234 _d7234 |
||